| 000 | nam a22 a 4500 | ||
|---|---|---|---|
| 999 |
_c487226 _d487226 |
||
| 003 | BLK | ||
| 005 | 20221215150407.0 | ||
| 008 | 221215b bu |||||r|||| 00| | bu d | ||
| 020 | _a9789549473667 | ||
| 040 | _aBLK | ||
| 041 |
_aBUL _cBUL |
||
| 080 |
_aЖивопис - художници _b75.071.1 _x(497.2)(092)(083.824) _z75.071.1(497.2)(092)(083.824) |
||
| 080 |
_aБълг. художничка _b929 Росса, Боряна _z929 Росса, Боряна |
||
| 100 |
_91299 _aРосса, Боряна _eпърви автор |
||
| 139 | _aРосса, Боряна | ||
| 245 |
_aБоряна Росса. Механиста _b8 портрета на киборги _cсъстав., [текст] Мартина Йорданова |
||
| 246 | _aBoryana Rossa. Mehanista: 8 portraits of cyborgs | ||
| 260 |
_9391753 _aСофия _bНац. галерия Квадрат 500 _c2022 |
||
| 300 |
_a40 с. _bс цв. ил. _c17 см |
||
| 380 | _a7 | ||
| 650 | 0 |
_9457179 _aХудожници, български - изложби |
|
| 653 | 7 |
_9182731 _aбългарски художници |
|
| 653 | 7 |
_9187384 _aизложби |
|
| 653 | 7 |
_9188388 _aкаталози |
|
| 700 |
_91535 _aЙорданова, Мартина Стефанова _eсъстав. и текст |
||
| 852 |
_aЦб І 42272 _bЦб |
||
| 856 |
_i0.00 _ldisable |
||
| 942 |
_cKNG _n0 _s1 |
||
| 944 |
_aCR _c2022-12-15 _kХристина Везирева |
||
| 999 | _d487226 | ||
| 999 | _d487226 | ||
| 999 | _d487226 | ||